San Juan de la Cruz and Fray Luis de León : a commemorative international symposium, November 14-16, 1991, Hilles Library at Harvard University /

Bibliographic Details
Other Authors: Gaylord, Mary Malcolm, Márquez Villanueva, Francisco
Format: Book
Language:English
Spanish
Language Notes:English and Spanish.
Published: Newark, Del. : Juan de la Cuesta, [1996]
Series:Juan de la Cuesta Hispanic monographs.
Subjects:

MARC

Tag First Indicator Second Indicator Subfields
LEADER 00000cam a2200000 a 4500
001 in00001402950
005 20151020053107.0
008 970128s1996 deu b 101 0 eng c
010 |a  97108992  
020 |a 0936388765 
035 |a (OCoLC)36154199 
035 |9 AHM6995AM 
040 |a CU  |c CUY  |d DLC  |d TXA  |d UtOrBLW 
041 0 |a eng  |a spa 
049 |a TXAM 
050 1 4 |a PQ6400.J8  |b Z853 1996 
245 0 0 |a San Juan de la Cruz and Fray Luis de León :  |b a commemorative international symposium, November 14-16, 1991, Hilles Library at Harvard University /  |c edited by Mary Malcolm Gaylord, Francisco Márquez Villanueva. 
264 1 |a Newark, Del. :  |b Juan de la Cuesta,  |c [1996] 
264 4 |c ©1996 
300 |a ix, 309 pages ;  |c 24 cm. 
336 |a text  |b txt  |2 rdacontent 
337 |a unmediated  |b n  |2 rdamedia 
338 |a volume  |b nc  |2 rdacarrier 
490 1 |a Juan de la Cuesta Hispanic monographs 
546 |a English and Spanish. 
504 |a Includes bibliographical references and index. 
505 0 |a The wonder of reading St. John of the Cross : inaugural address / Jaime de Ojeda -- Los misoneistas de fray Luis / Antonio Blanco -- "Las voces de mis duelos" (XIII, 38) : el libro de Job en tercetos de fray Luis de León / Antonio Carreño -- Francisco de Salinas, en el entorno de fray Luis de León / Ismael Fernández de la Cuesta -- El águila de San Juan de la Cruz : mística y poesía en las coplas "Entréme donde no supe" y "Tras de un amoroso lance" / Aurora Egido -- Imagen y voz en el Cántico espiritual / Mary Malcolm Gaylord -- El discurso de fray Luis de León al capítulo de Dueñas (mayo, 1557) / Luis M. Girón Negrón -- Ideology, economy and feminism in La perfecta casada / Carroll Johnson -- El "Cántico espiritual" : el júbilo de la unión transformante / Luce López Baralt -- Retórico en las canciones entre el alma y el esposo / Luisa López Grigera -- Fray Luis de León y el Monasterio de San Lorenzo el Real / Francisco Márquez Villanueva -- El proceso hermenéutico de la Llama de amor viva / José C. Nieto -- Belleza, deleite y ascesis en Juan de la Cruz / Eulogio Pacho -- La temporalización de Jesuscristo como "padre del siglo futuro" / Roberto Ruiz -- La huida poética de fray Luis de León / Albert A. Sicroff -- "Una elegancia desafeitada" : Fray Luis de León y Santa Teresa / Colin Thompson. 
505 0 |a (cont.) El proceso hermenéutico de la Llama de amor viva / José C. Nieto -- Belleza, deleite y ascesis en Juan de la Cruz / Eulogio Pacho -- La temporalización de Jesuscristo como "padre del siglo futuro" / Roberto Ruiz -- La huida poética de fray Luis de León / Albert A. Sicroff --"Una elegancia desafeitada" : Fray Luis de León y Santa Teresa / Colin Thompson. 
600 0 0 |a John of the Cross,  |c Saint,  |d 1542-1591  |x Criticism and interpretation  |x Congresses. 
600 1 0 |a León, Luis de,  |d 1527-1591  |x Criticism and interpretation  |x Congresses. 
650 0 |a Mysticism in literature. 
700 1 |a Gaylord, Mary Malcolm. 
700 1 |a Márquez Villanueva, Francisco. 
830 0 |a Juan de la Cuesta Hispanic monographs. 
948 |a c:dm 
999 |a MARS 
999 f f |s 631640de-8d35-3a17-9a9b-2ddd82a93d7a  |i e1c62677-e2f9-3cc3-90dc-cb2720c7cc7e  |t 0 
952 f f |p normal  |a Texas A&M University  |b College Station  |c Sterling C. Evans Library  |d Evans: Library Stacks  |t 0  |e PQ6400.J8 Z853 1996  |h Library of Congress classification  |i unmediated -- volume  |m A14822544247 
998 f f |a PQ6400.J8 Z853 1996  |t 0  |l Evans: Library Stacks